• 首页
  • 本馆介绍
  • 公告通知
  • 最新文献
  • 馆藏检索
  • 电子资源
  • 读者导购
  • 参考咨询
  • 我的图书馆
  • 登录
  • 详细信息显示
  • 放入我的书架
  • 预约/预借图书
  • 作者相关作品
  • 分类相关作品
  • 丛书相关作品
  • 出版社相关作品

书目信息

  • 表格格式
  • 工作单格式
  • 卡片格式
题名:
屈原精神的价值与传承
    
 
作者: 张立群 , 韩隆福 主编
分册:  
出版信息: 北京   社会科学文献出版社·人文分社  2019
页数: 230页
开本: 24cm
丛书名:
单 册:
中图分类: D647
科图分类:
主题词: 爱国主义教育--ai guo zhu yi jiao yu--中国--学习参考资料
电子资源:
ISBN: 978-7-5201-4316-5
000 01219nam0 2200241 450
001 2159266550
005 20210926145347.0
010    @a978-7-5201-4316-5@dCNY98.00
100    @a20190530d2019 em y0chiy0120 ea
101 0  @achi
102    @aCN@b110000
105    @ay z 000yy
106    @ar
200 1  @a屈原精神的价值与传承@Aqu yuan jing shen de jia zhi yu chuan cheng@f张立群,韩隆福主编
210    @a北京@c社会科学文献出版社·人文分社@d2019
215    @a230页@d24cm
330    @a屈原精神作为中华优秀传统精神文化的重要组成部分,体现在热爱祖国、亲民爱民、保持节操、砥砺品性、以物言志等具体层面,其中,爱国主义是屈原精神的核心。众多专家学者从“屈原出生寻踪、屈原资源发掘、屈原精神传承”三方面论述屈原精神的来源和去路,具有坚实的历史基础、缜密的逻辑论证和深远的文化影响。既正本清源,又开拓创新。对于在新时代弘扬和传承屈原精神蕴含的思想观念、人文精神、道德规范,培育和践行社会主义核心价值观,让中华屈原文化展现出永久魅力和时代风采,具有十分重要的理论价值和现实指导意义。
606 0  @a爱国主义教育@Aai guo zhu yi jiao yu@y中国@j学习参考资料
690    @aD647@v5
701  0 @a张立群@Azhang li qun@4主编
701  0 @a韩隆福@Ahan long fu@4主编
801  0 @aCN@b百万庄@c20210926
905    @b1299624-27@dD647@e232@f4
    
    屈原精神的价值与传承/张立群,韩隆福主编.-北京:社会科学文献出版社·人文分社,2019
    230页;24cm
    
    
    ISBN 978-7-5201-4316-5:CNY98.00
    屈原精神作为中华优秀传统精神文化的重要组成部分,体现在热爱祖国、亲民爱民、保持节操、砥砺品性、以物言志等具体层面,其中,爱国主义是屈原精神的核心。众多专家学者从“屈原出生寻踪、屈原资源发掘、屈原精神传承”三方面论述屈原精神的来源和去路,具有坚实的历史基础、缜密的逻辑论证和深远的文化影响。既正本清源,又开拓创新。对于在新时代弘扬和传承屈原精神蕴含的思想观念、人文精神、道德规范,培育和践行社会主义核心价值观,让中华屈原文化展现出永久魅力和时代风采,具有十分重要的理论价值和现实指导意义。
●
相关链接 在E读中查询图书 在五车中查询图书 在当当中查询图书 在豆瓣中查询图书


正题名:屈原精神的价值与传承     索取号:D647/232         预约/预借

序号 登录号 条形码 馆藏地/架位号 状态 备注
1 1299624   212996249   第一样本阅览室/ [索取号:D647/232] 在馆    
2 1299625   212996258   第一借阅区/ [索取号:D647/232] 在馆    
3 1299626   212996267   第一借阅区/ [索取号:D647/232] 在馆    
4 1299627   212996276   第一借阅区/ [索取号:D647/232] 在馆    
唐山师范学院图书馆 欢迎您!
大连网信软件有限公司© 版权所有